| 000 | 00724nam a22002297i 4500 | ||
|---|---|---|---|
| 003 | URS | ||
| 005 | 20220117090652.0 | ||
| 008 | 020101b xxu||||| |||| 00| 0 eng d | ||
| 020 | _a9711130025 | ||
| 050 | 1 | 0 |
_aPL 6165.4 _bH4301 1974 |
| 100 | 1 |
_aHernandez, Amado V. _eauthor |
|
| 245 | 1 | 0 |
_aLuha ng buwaya / _cAmado V. Hernandez. |
| 264 | 1 |
_aQuezon : _bAteneo de Manila University Press, |
|
| 264 | 4 | _c©1974 | |
| 300 |
_aviii, 347 pages ; _c18 cm |
||
| 336 |
_2rdacontent _atext |
||
| 337 |
_2rdacontent _aunmediated |
||
| 338 |
_2rdacarrier _avolume |
||
| 524 | _aHernandez, A. V. (1974). Luha ng buwaya . Quezon City: Ateneo de Manila University Press. | ||
| 650 | 0 |
_aPhilippine literature _vFiction. |
|
| 942 |
_2lcc _cF |
||
| 999 |
_c6100 _d6100 |
||